Main Songs by Got7 - Statistics

General Stats
  • This quiz has been taken 742 times
  • The average score is 5 of 6
Answer Stats
MV Released Song % Correct
January 2014 Girls Girls Girls
88%
July 2015 Just Right
84%
June 2014 A
82%
September 2015 If You Do
75%
March 2016 Fly
71%
November 2014 Stop Stop It
65%
No matching quizzes found
Score Distribution
Percent of People with Each Score
Percentile by Number Answered
Your Score History
You have not taken this quiz